[Event "1st Grand Europe Open"]
[Site "Golden Sands BUL"]
[Date "2012.06.04"]
[Round "1.12"]
[White "Abdulla,K"]
[Black "Vajda,Le"]
[Result "0-1"]
[WhiteElo "2216"]
[BlackElo "2600"]

1.e4 g6 2.d4 Bg7 3.Nc3 d6 4.f4 a6 5.Nf3 b5 6.Bd3 Nd7 7.e5 Nh6 8.a3 c5 9.Be4 Rb8
10.dxc5 Nxc5 11.Bc6+ Bd7 12.Bxd7+ Qxd7 13.exd6 exd6 14.O-O O-O 15.Qd5 Nf5
16.Rd1 Qa7 17.Kh1 Bxc3 18.bxc3 Rbe8 19.Re1 Rxe1+ 20.Nxe1 Re8 21.Bb2 Na4 22.Nd3 Nxb2
23.Nxb2 Qf2 24.Nd3 Qxc2 25.Qc6 Re3 26.Nb4 Qf2  0-1

[Event "Asian Junior Girls 2012"]
[Site "Tashkent UZB"]
[Date "2012.06.06"]
[Round "8.5"]
[White "Bharathi,R"]
[Black "Mamatkulova,M"]
[Result "1-0"]
[WhiteElo "2088"]
[BlackElo "2031"]

1.e4 g6 2.d4 Bg7 3.Nc3 d6 4.Be3 c6 5.h3 Nd7 6.Nf3 Qa5 7.a4 Ngf6 8.Nd2 O-O
9.Bd3 e5 10.O-O Nh5 11.dxe5 dxe5 12.Nc4 Qc7 13.Re1 Nb6 14.a5 Nxc4 15.Bxc4 Nf4
16.Qf3 Be6 17.Bxe6 Nxe6 18.Qg3 Rfd8 19.f3 Qe7 20.Qf2 Nd4 21.Na4 h6 22.b3 Kh7
23.Rab1 Bf6 24.c3 Nb5 25.Red1 Rxd1+ 26.Rxd1 Rd8 27.Qc2 Bh4 28.b4 Bg3 29.Rxd8 Qxd8
30.Qd2 Qe7 31.Nc5 Nd6 32.Qa2 Kg7 33.Nd3 Qd7 34.Nc5 Qe8 35.Bxh6+ Kxh6 36.Qd2+ Kg7
37.Qxd6 b6 38.Qd7 Qxd7 39.Nxd7 bxa5 40.bxa5 Be1 41.Nxe5 Bxc3 42.Nxc6 a6 43.Kf2 Kf6
44.Ke3 Ke6 45.Kd3 Be1 46.Nb8 Bxa5 47.Nxa6 g5 48.Nc5+ Ke5 49.Ke2 Kf4 50.Nd3+ Kg3
51.Kf1 Bc3 52.Nc5 Bd4 53.Nb7 Be5 54.Nd8 f6 55.Nf7 Bc3 56.Nh6 Bb4 57.Nf5+ Kh2
58.h4 gxh4 59.Nxh4 Kg3 60.Nf5+ Kf4 61.Ke2 Bc5 62.g3+ Ke5 63.Kd3 Bf2 64.f4+ Ke6
65.g4 Bb6 66.Ke2 Bc7 67.Kf3 Bb8 68.g5 fxg5 69.fxg5 Kf7 70.Kg4 Kg6 71.Nh4+ Kg7
72.Kf5 Bg3 73.Nf3  1-0

[Event "1st Grand Europe Open"]
[Site "Golden Sands BUL"]
[Date "2012.06.07"]
[Round "4.3"]
[White "Vajda,Le"]
[Black "Lu Shanglei"]
[Result "1/2-1/2"]
[WhiteElo "2600"]
[BlackElo "2522"]

1.e4 g6 2.d4 Bg7 3.Nc3 d6 4.Nge2 Nf6 5.h3 e5 6.g4 exd4 7.Nxd4 Nc6 8.Nde2 h5
9.g5 Nh7 10.f4 f6 11.h4 fxg5 12.hxg5 Bg4 13.Qd3 Qd7 14.Nd5 O-O 15.Bd2 Nxg5
16.O-O-O Ne6 17.Bh3 Nc5 18.Qc4 Bxe2 19.Qxe2 Nd4 20.Qc4 Qf7 21.f5 b5 22.Ne7+ Kh8
23.Qxf7 Rxf7 24.Nxg6+ Kg8 25.Bg2 Ne2+ 26.Kb1 Re8 27.e5 Rxf5 28.Bc6 Re6 29.Bd5 Kh7
30.Bxe6 Nxe6 31.Nh4 Rxe5 32.Nf3 Rf5 33.Rde1 Ng3 34.Nh4 Re5 35.Rhg1 Ne4 36.Bc1 Nd4
37.c3 Ne2 38.Rxe2 Nxc3+ 39.bxc3 Rxe2 40.Rg5 Re5 41.Rg3 Re4 42.Nf5 Rg4 43.Rh3 Bf6
44.Ne3 Rh4 45.Rf3 Bxc3 46.Rf7+ Kg6 47.Rxc7 Be5 48.Nd5 Rh1 49.Rxa7 h4 50.Kc2 h3
51.Nf4+ Kf5 52.Rf7+ Ke4 53.Nd3 Bg3 54.Nf2+ Bxf2 55.Rxf2 Rg1 56.Rf4+ Kd5 57.Rh4 Rg3
58.Bd2 Rf3 59.Bc3 Kc5 60.a3 Rf2+ 61.Kd3 Rf3+ 62.Kd2 d5 63.Bb4+ Kc6 64.Rh6+ Kc7
65.Bc5 Rb3 66.Kc2 Rf3 67.Kb2 Kb7 68.Kc2 Kc7 69.Bb4 Kb7 70.Bc3 Kc7 71.Kd2 Kb7
72.Bb4 Kc7 73.Bd6+ Kb7 74.Rh7+ Kc6 75.Rh6 Kb7 76.Bb4 Kc7 77.Bc5 Kb7 78.Be3 d4
79.Bxd4 Rxa3 80.Rb6+ Kc8 81.Rxb5 Rf3 82.Rh5 Kd7 83.Be3 Rg3 84.Kd3 Rf3 85.Ke4 Rf7
86.Rxh3 Re7+ 87.Kd5 Rf7 88.Bd4 Rf5+ 89.Be5 Rf7 90.Ra3 Re7 91.Bf6 Rf7 92.Ra6 Ke8
93.Re6+ Kd7 94.Rd6+ Kc7 95.Kc5 Rd7 96.Rc6+ Kb7 97.Be5 Re7 98.Bd6 Rf7 99.Rb6+ Kc8
100.Kc6 Rc7+ 101.Kd5 Rb7 102.Ra6 Kd7 103.Ra5 Ke8 104.Kc6 Rh7 105.Rf5 Rh8
106.Kd5 Rh7 107.Kc6 Rh8 108.Rf6 Rg8 109.Bc5 Rh8 110.Ba3 Rg8 111.Bb4 Rh8 112.Bc5 Rg8
113.Kd6 Rg7 114.Kd5 Rg5+ 115.Kc6 Rg8 116.Kd6 Rg7 117.Ke6 Re7+ 118.Kd5 Rf7
119.Re6+ Kd7 120.Rd6+ Kc7 121.Bb6+ Kb7 122.Bd4 Kc7 123.Ke6 Rh7 124.Bf6 Kb7
125.Kd5 Kc7 126.Ra6 Kb7 127.Ra1 Rd7+ 128.Kc5 Rc7+ 129.Kb5 Rd7 130.Kc5 Rc7+
131.Kd5 Rd7+ 132.Kc5  1/2-1/2

[Event "1st Grand Europe Open"]
[Site "Golden Sands BUL"]
[Date "2012.06.07"]
[Round "4.23"]
[White "Cheparinov,I"]
[Black "Shirazi,K"]
[Result "1-0"]
[WhiteElo "2673"]
[BlackElo "2372"]

1.d4 d6 2.e4 g6 3.Nc3 Bg7 4.Be3 Nf6 5.Qd2 Ng4 6.Bg5 h6 7.Bh4 g5 8.Bg3 e5
9.Nge2 h5 10.h4 Bh6 11.hxg5 Bxg5 12.f4 exf4 13.Bxf4 Bxf4 14.Nxf4 h4 15.O-O-O c6
16.Bc4 b5 17.Bb3 a5 18.a4 b4 19.Nce2 Ra7 20.Ng1 Re7 21.Re1 Nd7 22.Nf3 Ndf6
23.Ng5 Rg8 24.Nd3 Qb6 25.e5 dxe5 26.Bxf7+ Rxf7 27.Nxf7 Kxf7 28.Nxe5+ Nxe5
29.dxe5 Nd5 30.e6+ Bxe6 31.Rhf1+ Ke7 32.Qh6 c5 33.Rf5 Qd6 34.Rfe5 Nf6 35.Qe3 Kf7
36.Rxe6 Qd4 37.Qh6 Rxg2 38.Re7+ Kg8 39.Re8+ Nxe8 40.Rxe8+ Kf7 41.Qe6+  1-0

[Event "1st Grand Europe Open"]
[Site "Golden Sands BUL"]
[Date "2012.06.07"]
[Round "4.15"]
[White "Sethuraman,S"]
[Black "Virovlansky,S"]
[Result "0-1"]
[WhiteElo "2546"]
[BlackElo "2445"]

1.e4 g6 2.d4 Bg7 3.Nc3 d6 4.Be3 c6 5.Qd2 b5 6.Nf3 Nd7 7.Bd3 Qc7 8.a4 b4 9.Ne2 c5
10.Nf4 Ngf6 11.dxc5 dxc5 12.Qe2 O-O 13.Nd2 Ne5 14.O-O Rd8 15.Nc4 Nxd3 16.Nxd3 Nxe4
17.Bf4 Nd6 18.Rad1 Be6 19.Bxd6 exd6 20.Nf4 Bxc4 21.Qxc4 Bxb2 22.Nd5 Qd7 23.f4 Kh8
24.f5 gxf5 25.c3 Qe6 26.Rde1 Qg6 27.cxb4 Bd4+ 28.Kh1 Re8 29.Ne7 Qf6 30.Rxf5 Qxf5  0-1

[Event "5th Mayors Cup 2012"]
[Site "Mumbai IND"]
[Date "2012.06.07"]
[Round "1.11"]
[White "Gomez,Joh"]
[Black "Tawari,Anuj"]
[Result "1-0"]
[WhiteElo "2507"]
[BlackElo "1701"]

1.e4 g6 2.d4 Bg7 3.Nc3 d6 4.f4 Nf6 5.Nf3 c5 6.Bb5+ Bd7 7.Bxd7+ Qxd7 8.dxc5 O-O
9.cxd6 exd6 10.O-O Nc6 11.a3 Rfe8 12.Qd3 Rad8 13.Bd2 Qc8 14.Rae1 Qb8 15.Kh1 Nd7
16.b4 a6 17.Nd5 Rc8 18.Qb3 Nf6 19.Nxf6+ Bxf6 20.f5 Rc7 21.fxg6 hxg6 22.Ng5 Qd8
23.Qg3 Re5 24.h4 Nd4 25.Bf4 Rxg5 26.Bxg5 Bxg5 27.Qxg5 Qxg5 28.hxg5 Ne6 29.e5 d5
30.Rd1 d4 31.Rf2 Rd7 32.c3 Rd5 33.cxd4 Rxd4 34.Rxd4 Nxd4 35.Rd2 Nb5 36.a4 Nc3
37.a5  1-0

[Event "GEO-AZE Friendship 2012"]
[Site "Tbilisi GEO"]
[Date "2012.06.07"]
[Round "1"]
[White "Mamedov,Rau"]
[Black "Shanava,K"]
[Result "1-0"]
[WhiteElo "2628"]
[BlackElo "2589"]

1.e4 g6 2.d4 Bg7 3.Nc3 d6 4.Be3 c6 5.Qd2 b5 6.Bd3 Nd7 7.Nf3 a6 8.a4 Bb7 9.O-O b4
10.Ne2 c5 11.c3 cxd4 12.cxd4 Ngf6 13.Ng3 Qa5 14.Rfc1 O-O 15.Rc4 d5 16.Qxb4 Qxb4
17.Rxb4 dxe4 18.Rxb7 exd3 19.Ne1 Rfb8 20.Rxb8+ Rxb8 21.Nxd3 Nd5 22.Rc1 f5
23.Ne2 e5 24.Rc6 e4 25.Ndf4 Nb4 26.Rc7 Nb6 27.Nc3 Bf8 28.a5 Na8 29.Rd7 Nc6
30.Ncd5 Kh8 31.Ne6 Rc8 32.Nxf8 Rxf8 33.Bh6  1-0

[Event "4th Rheinland-Pfalz Open 2012"]
[Site "Altenkirchen GER"]
[Date "2012.06.08"]
[Round "3.2"]
[White "Afek,Y"]
[Black "Sanikidze,T"]
[Result "1-0"]
[WhiteElo "2288"]
[BlackElo "2616"]

1.e4 d6 2.d4 g6 3.Nc3 Bg7 4.Be3 c6 5.Qd2 b5 6.g3 Nd7 7.Bg2 Bb7 8.Nge2 Ngf6
9.Bh6 Bxh6 10.Qxh6 b4 11.Nd1 Ba6 12.Qd2 Qb6 13.Nc1 O-O 14.a3 c5 15.d5 Rfe8
16.Nd3 e6 17.O-O exd5 18.exd5 b3 19.cxb3 Ne5 20.Nxe5 Bxf1 21.Nc4 Bxc4 22.bxc4 Rab8
23.Rc1 Qb3 24.h3 Ne4 25.Qf4 Qd3 26.b4 cxb4 27.axb4 Rxb4 28.Ne3 Rb2 29.Rd1 Rb1
30.Rxb1 Qxb1+ 31.Kh2 Kg7 32.Ng4 g5 33.Qf5 h5 34.Bxe4 Qxe4 35.Qf6+ Kf8 36.Qxd6+ Re7
37.Qh6+  1-0

[Event "Alushta Summer 1 2012"]
[Site "Alushta UKR"]
[Date "2012.06.08"]
[Round "9"]
[White "Meribanov,V"]
[Black "Azaladze,S"]
[Result "1-0"]
[WhiteElo "2331"]
[BlackElo "2489"]

1.e4 g6 2.d4 Bg7 3.Nc3 d6 4.Nf3 Nf6 5.a4 O-O 6.h3 d5 7.Bd3 dxe4 8.Nxe4 Nxe4
9.Bxe4 Nd7 10.O-O c5 11.c3 cxd4 12.Nxd4 Nc5 13.Bc2 e5 14.Nb5 Be6 15.Be3 b6
16.b4 Nd7 17.Be4 Rc8 18.Bb7 Rb8 19.Bf3 a6 20.Na7 Qh4 21.Nc6 Rbe8 22.Bd5 Nf6
23.Bxe6 Rxe6 24.b5 Qc4 25.Rb1 axb5 26.axb5 Nd5 27.Qb3 Nxe3 28.fxe3 Qc5 29.c4 Bh6
30.Rfe1 Ra8 31.Nb4 Rd6 32.Nd3 Bxe3+ 33.Kh1 Rxd3 34.Qxd3 Bd4 35.Rbc1 f5 36.Red1 Ra3
37.Qd2 Kg7 38.Rc2 f4 39.Ra2 Rg3 40.Ra7+ Kh6 41.Rf7 Re3 42.Qa2 Qb4 43.Kh2 Qc3
44.Rxd4 Qe1 45.Rd1 Qxd1 46.Qa8 Re1 47.Qf8+ Kh5 48.Rxh7+ Kg5 49.h4+ Kg4 50.Qc8+  1-0

[Event "4th Rheinland-Pfalz Open 2012"]
[Site "Altenkirchen GER"]
[Date "2012.06.09"]
[Round "6.12"]
[White "Barthel,A"]
[Black "Sanikidze,T"]
[Result "0-1"]
[WhiteElo "2163"]
[BlackElo "2616"]

1.e4 d6 2.d4 g6 3.Nc3 Bg7 4.Be3 c6 5.Qd2 b5 6.Bd3 Nd7 7.Nf3 Qc7 8.O-O Ngf6
9.Bh6 O-O 10.Bxg7 Kxg7 11.Rfe1 e5 12.dxe5 dxe5 13.a4 b4 14.Nd1 a5 15.Ne3 Nc5
16.Nc4 Re8 17.Qe3 Nfd7 18.b3 Ne6 19.Rad1 c5 20.Qc1 Ba6 21.Ne3 Nd4 22.Bxa6 Rxa6
23.Nd5 Qa7 24.Nd2 Qb7 25.Nc4 f5 26.f3 f4 27.Rd3 Nf6 28.Nxf6 Kxf6 29.c3 bxc3
30.Qxc3 Qc7 31.Kf1 Rb8 32.Rb1 g5 33.h3 h5 34.Kf2 Rb4 35.Rb2 Ra8 36.Na3 Rab8
37.Nb5 Qb6 38.Nxd4 exd4  0-1

[Event "5th Mayors Cup 2012"]
[Site "Mumbai IND"]
[Date "2012.06.09"]
[Round "4.7"]
[White "Saravana,Kr"]
[Black "Rahman,Zia"]
[Result "0-1"]
[WhiteElo "2326"]
[BlackElo "2520"]

1.e4 g6 2.d4 Bg7 3.Nc3 d6 4.Bg5 a6 5.Qd2 b5 6.f4 Bb7 7.Bd3 h6 8.Bh4 Bxd4
9.Bxb5+ axb5 10.Qxd4 e5 11.Qf2 g5 12.fxg5 hxg5 13.Bg3 b4 14.Nd5 Bxd5 15.exd5 Nf6
16.Nh3 Nxd5 17.O-O Nf4 18.Nxf4 gxf4 19.Bxf4 exf4 20.Rae1+ Kd7 21.Qxf4 Qh4
22.Qxf7+ Kd8 23.h3 Nc6 24.Qe6 Qd4+ 25.Kh1 Ne5 26.c3 bxc3 27.bxc3 Qc5 28.Rd1 Re8
29.Qf6+ Kc8 30.Qf5+ Nd7 31.Qg6 Kb7 32.Qc2 Nb6 33.Rde1 Qc4 34.Qb3 Qc6 35.Kh2 Rg8
36.Rf3 Rg5 37.Re2 Rb5 38.Qf7 Nc4 39.Rf5 Ne5 40.Qh5 Qxc3 41.Qg5 Qc4 42.Qd2 Rh8
43.Rf4 Qc5 44.Qc2 Qxc2 45.Rxc2 c5 46.g4 Ra5 47.g5 Ra3 48.Rb2+ Kc6 49.Rb3 Rxa2+
50.Kg3 c4 51.Rc3 Kc5 52.h4 d5 53.Rf5 Kd4  0-1

[Event "5th Mayors Cup 2012"]
[Site "Mumbai IND"]
[Date "2012.06.09"]
[Round "4.6"]
[White "Paragua,M"]
[Black "Purushothaman,T"]
[Result "0-1"]
[WhiteElo "2521"]
[BlackElo "2241"]

1.e4 g6 2.d4 Bg7 3.Nc3 d6 4.f4 Nd7 5.Nf3 c6 6.Bd3 e5 7.Be3 Qb6 8.Ne2 Ngf6
9.Qc1 exd4 10.Bxd4 c5 11.Bc3 O-O 12.b3 Qc6 13.Ng3 b5 14.a4 b4 15.Bb2 d5 16.e5 Ne4
17.Bb5 Qb7 18.Nxe4 dxe4 19.Nd2 e3 20.Nf3 Qe4 21.O-O Qxf4 22.Qd1 Qg4 23.h3 Qf5
24.a5 Rb8 25.Bc4 Rb7 26.Qe2 Qf4 27.Rad1 Nb8 28.Nd2 Qh6 29.Ne4 Re7 30.Bc1 Qh4
31.Nf6+ Bxf6 32.exf6 Re5 33.Rd5 Rxd5 34.Bxd5 Ba6 35.Bc4 Bxc4 36.bxc4 Re8
37.Rf3 Nc6 38.Rxe3 Rxe3 39.Bxe3 Nd4 40.Qf1 Nxc2 41.Bxc5 b3 42.Qf3 Qe1+ 43.Kh2 Qe5+
44.Kh1 Qxc5 45.Qxb3 Nb4 46.Qg3 Qc8 47.Qe3 Nc6 48.Qh6 Qf8 49.Qf4 Nxa5 50.Qc7 Nb3
51.Qxa7 Nc5  0-1

[Event "1st Grand Europe Open"]
[Site "Golden Sands BUL"]
[Date "2012.06.10"]
[Round "7.65"]
[White "Matviyishen,Viktor"]
[Black "AlHuwar,J"]
[Result "1/2-1/2"]
[WhiteElo "1848"]
[BlackElo "2270"]

1.e4 g6 2.d4 Bg7 3.Nc3 d6 4.Nge2 a6 5.a4 b6 6.g3 c5 7.Be3 Nc6 8.Bg2 Bb7 9.O-O Nf6
10.h3 O-O 11.e5 Ne8 12.f4 cxd4 13.Nxd4 Nxd4 14.Bxb7 Ra7 15.Bd5 Nf5 16.Bf2 e6
17.Be4 Qb8 18.a5 bxa5 19.Bxf5 gxf5 20.Rxa5 Rb7 21.Bd4 dxe5 22.fxe5 Nc7 23.g4 Rd8
24.gxf5 Rb4 25.Ne2 Rbxd4 26.Nxd4 Qb4 27.f6 Rxd4 28.c3 Rxd1 29.cxb4 Rxf1+
30.Kxf1 Bf8 31.Ke2 Bxb4 32.Ra1 h6 33.Rg1+ Kh8 34.Rg7 Nd5 35.Rxf7 Nf4+ 36.Kf3 Nd3
37.Kg3 Nxe5 38.Re7 Be1+ 39.Kf4 Ng6+ 40.Kg4 Nf8 41.Kh5 Bd2 42.h4 a5 43.Rf7 Kg8
44.Rg7+ Kh8 45.Rg2 Be3 46.f7 Kh7 47.Rg8 Bc5 48.b3 Be7 49.Kg4 Ng6 50.Re8 Kg7
51.Ra8 Bb4 52.Kh5 Nf4+ 53.Kg4 Nd5 54.f8=Q+ Bxf8 55.Rxa5 Kg6 56.h5+ Kf6 57.Ra8 Bb4
58.Rh8 Bd2 59.Rg8 Ke5 60.Rg6 Nf6+ 61.Kf3 Nxh5 62.b4 Nf6 63.b5 Nd5 64.Rg8 Kd4
65.Rd8 Kc5 66.b6 Kxb6 67.Rd6+ Kc5 68.Rxe6 Bg5 69.Re8 Kd6 70.Re1 Nf6 71.Ra1 Ke6
72.Ra6+ Kf5 73.Rxf6+  1/2-1/2

[Event "Kuna Arandu Elite"]
[Site "Luque PAR"]
[Date "2012.06.11"]
[Round "7"]
[White "Villalba,M"]
[Black "Bachmann,Ax"]
[Result "1-0"]
[WhiteElo "2233"]
[BlackElo "2566"]

1.e4 g6 2.d4 Bg7 3.Nc3 d6 4.Nf3 a6 5.a4 b6 6.Bc4 e6 7.O-O Bb7 8.Qe2 Ne7 9.Re1 Nd7
10.h4 h6 11.Bf4 c5 12.Bxd6 cxd4 13.Nd5 Bxd5 14.exd5 Nc5 15.Bxc5 bxc5 16.dxe6 f5
17.Bxa6  1-0

[Event "5th Mayors Cup 2012"]
[Site "Mumbai IND"]
[Date "2012.06.11"]
[Round "7.2"]
[White "Deviatkin,A"]
[Black "Rahman,Zia"]
[Result "1-0"]
[WhiteElo "2577"]
[BlackElo "2520"]

1.d4 g6 2.e4 d6 3.Nc3 Bg7 4.Be3 c6 5.a4 Nf6 6.h3 O-O 7.Nf3 Nbd7 8.a5 Qc7
9.Bd3 e5 10.O-O exd4 11.Bxd4 Ne5 12.Be2 Nh5 13.Be3 Nxf3+ 14.Bxf3 f5 15.a6 fxe4
16.Nxe4 d5 17.axb7 Qxb7 18.Nd6 Qxb2 19.Bxd5+ cxd5 20.Qxd5+ Kh8 21.Qxa8 Ba6
22.Nf7+ Kg8 23.Nh6+ Kh8 24.Qxf8+ Bxf8 25.Rxa6 g5 26.Nf7+ Kg8 27.Nxg5 Qxc2
28.Rxa7 Ng7 29.Rc1 Qd3 30.Rc8 h6 31.Bc5 hxg5 32.Bxf8 Qb1+ 33.Kh2 Qf5 34.Rxg7+ Kh8
35.Rgc7  1-0

[Event "5th Mayors Cup 2012"]
[Site "Mumbai IND"]
[Date "2012.06.11"]
[Round "7.22"]
[White "Sahu,V"]
[Black "Czebe,A"]
[Result "0-1"]
[WhiteElo "2148"]
[BlackElo "2475"]

1.e4 g6 2.d4 Bg7 3.Nc3 d6 4.Nf3 a6 5.a4 b6 6.Be3 Bb7 7.Bc4 e6 8.Qd2 Nf6 9.d5 exd5
10.exd5 O-O 11.O-O Nbd7 12.Rfe1 Ne5 13.Nxe5 dxe5 14.Bg5 Qd6 15.Rad1 Rfe8
16.Re3 h6 17.Bh4 Kh7 18.Bxf6 Qxf6 19.Rf3 Qh4 20.Qe2 f5 21.g3 Qe7 22.Rfd3 Qd6
23.Re1 e4 24.Rdd1 h5 25.Bb3 Re5 26.Qf1 Re7 27.Qc4 Rae8 28.Re2 Be5 29.Rde1 Rd8
30.Rd2 Red7 31.Qe2 Qf6 32.Qc4 Bxc3 33.bxc3 Bxd5 34.Red1 Bxc4 35.Rxd7+ Rxd7
36.Rxd7+ Kh6 37.Bxc4 Qxc3 38.Bg8 Kg5  0-1

[Event "26th Pula Open"]
[Site "Pula CRO"]
[Date "2012.06.12"]
[Round "4.1"]
[White "Zelcic,R"]
[Black "Aguera Naredo,J"]
[Result "0-1"]
[WhiteElo "2560"]
[BlackElo "2392"]

1.e4 g6 2.d4 Bg7 3.Nc3 d6 4.Nf3 Nf6 5.Be2 O-O 6.O-O Bg4 7.Bg5 Nc6 8.d5 Nb8
9.Qd2 c6 10.h3 Bxf3 11.Bxf3 cxd5 12.Nxd5 Nxd5 13.exd5 Bxb2 14.Rab1 Bf6 15.Bxf6 exf6
16.Rxb7 Nd7 17.Be2 Nc5 18.Rb4 f5 19.Bb5 Qf6 20.Bc6 Rab8 21.Rfb1 Rxb4 22.Qxb4 Ne4
23.a4 Qh4 24.Qd4 Qg5 25.h4 Qe7 26.g3 Nc5 27.Kf1 Qe4 28.Qxe4 fxe4 29.Ke2 f5
30.Ke3 Kf7 31.Kd4 Ke7 32.Rb5 f4 33.gxf4 Rxf4 34.Ke3 Rxh4 35.Rb8 Rh3+ 36.Ke2 Rf3
37.Ra8 a6 38.Ra7+ Kf6 39.Rxh7 Ra3 40.Ra7 Nxa4 41.Rd7 Ke5 42.c4 Nc5 43.Re7+ Kd4
44.Re6 Nd3 45.Kf1 Ra2 46.Rxd6 Rxf2+ 47.Kg1 e3 48.Re6 e2 49.d6 Rf1+ 50.Kh2 e1=Q
51.Rxe1 Nxe1  0-1

[Event "26th Pula Open"]
[Site "Pula CRO"]
[Date "2012.06.12"]
[Round "4.20"]
[White "Luft,D"]
[Black "Andreasen,P"]
[Result "1-0"]
[WhiteElo "2043"]
[BlackElo "2277"]

1.e4 g6 2.d4 Bg7 3.Nc3 d6 4.Be3 a6 5.f4 b5 6.Nf3 Bb7 7.Bd3 Nd7 8.Qe2 c5 9.dxc5 Nxc5
10.Bxc5 dxc5 11.e5 Nh6 12.O-O O-O 13.a4 Qb6 14.Kh1 c4 15.Be4 Bxe4 16.Qxe4 Rad8
17.h3 Nf5 18.Kh2 e6 19.Ne2 Rd7 20.axb5 axb5 21.Rfd1 Rxd1 22.Rxd1 Qf2 23.Nfd4 Rd8
24.Nxe6 Re8 25.Rd8 Rxd8 26.Nxd8 Bh6 27.e6 Ne3 28.exf7+ Kg7 29.Qe5+  1-0

[Event "26th Pula Open"]
[Site "Pula CRO"]
[Date "2012.06.13"]
[Round "6.24"]
[White "De Filomeno,S"]
[Black "Kljako,D"]
[Result "1-0"]
[WhiteElo "2280"]
[BlackElo "2173"]

1.e4 g6 2.d4 Bg7 3.Nc3 d6 4.Nf3 c6 5.a4 a5 6.Be2 Nf6 7.O-O O-O 8.h3 Qc7 9.Be3 e5
10.Nd2 exd4 11.Bxd4 Re8 12.Nc4 Nbd7 13.Bxf6 Nxf6 14.Qxd6 Qxd6 15.Nxd6 Re7
16.f4 Ne8 17.Nxc8 Bd4+ 18.Kh1 Rxc8 19.Bd3 f6 20.Rab1 Bxc3 21.bxc3 Nd6 22.Rfd1 b5
23.axb5 cxb5 24.e5 fxe5 25.Bxg6 Rc6 26.Bd3 exf4 27.Bxb5 Nxb5 28.Rxb5 Rxc3
29.Rxa5 h6 30.Rf5 Rf7 31.Rxf7 Kxf7 32.Rd2 Kf6 33.Kg1 Kf5 34.Kf1 h5 35.Ke1 Kg5
36.Rf2 Kf5 37.Kd2 Ra3 38.Rf3 Ra4 39.g3 h4 40.Rxf4+ Rxf4 41.gxf4 Kxf4 42.c4 Kg3
43.c5 Kxh3 44.c6 Kg2 45.c7 h3 46.c8=Q h2 47.Qg4+ Kh1 48.Qf3+ Kg1 49.Ke2  1-0

[Event "16th Voronezh Master Open"]
[Site "Voronezh RUS"]
[Date "2012.06.13"]
[Round "2.30"]
[White "Provotorov,I"]
[Black "Andrenko,I"]
[Result "0-1"]
[WhiteElo "2386"]
[BlackElo "2226"]

1.e4 g6 2.d4 Bg7 3.Nc3 d6 4.f4 a6 5.Nf3 b5 6.Bd3 Nd7 7.e5 c5 8.e6 fxe6 9.Ng5 Bxd4
10.Nxh7 Nf8 11.Nxf8 Kxf8 12.Qf3 Rb8 13.Ne2 Bg7 14.O-O Qe8 15.Qg3 Rh6 16.f5 exf5
17.Bxh6 Bxh6 18.Nf4 Kg7 19.c4 Nf6 20.Rae1 e5 21.Nd5 Nxd5 22.cxd5 f4 23.Qf3 Qe7
24.Kh1 Bd7 25.g3 Qf6 26.Rg1 Bf5 27.Bxf5 Qxf5 28.g4 Qf6 29.g5 Bxg5 30.Rg4 Rh8
31.Reg1 Rh5 32.b4 c4 33.R4g2 Kh6 34.a4 Qf5 35.Re2 Rh3 36.Qf2 f3 37.Ra2 Bf4
38.axb5 axb5 39.Qf1 c3 40.Qe1 c2  0-1

[Event "26th Pula Open"]
[Site "Pula CRO"]
[Date "2012.06.14"]
[Round "7.7"]
[White "Fercec,N"]
[Black "Aguera Naredo,J"]
[Result "1-0"]
[WhiteElo "2460"]
[BlackElo "2392"]

1.e4 g6 2.d4 Bg7 3.Nc3 d6 4.Bg5 a6 5.Qd2 b5 6.f4 Nd7 7.e5 f6 8.Bh4 fxe5 9.dxe5 dxe5
10.O-O-O Bb7 11.Nf3 Bxf3 12.gxf3 Bh6 13.Bg5 Bxg5 14.fxg5 e6 15.Ne4 Rb8 16.Bh3 Rb6
17.Qc3 h6 18.a4 bxa4 19.Qc4 Ke7 20.Rd3 hxg5 21.Bxe6 Rxe6 22.Nxg5 Rf6 23.Rhd1 Nh6
24.Ne4 Rf4 25.Rxd7+ Qxd7 26.Rxd7+ Kxd7 27.Qd5+  1-0

[Event "26th Pula Open"]
[Site "Pula CRO"]
[Date "2012.06.14"]
[Round "7.24"]
[White "Karabaic,I"]
[Black "Swanson,S"]
[Result "0-1"]
[WhiteElo "2148"]
[BlackElo "2277"]

1.e4 g6 2.d4 Bg7 3.Nc3 d6 4.Nge2 e5 5.Be3 Nc6 6.Qd2 Nf6 7.f3 exd4 8.Nxd4 O-O
9.O-O-O Re8 10.Bg5 Nxd4 11.Qxd4 h6 12.Bxf6 Bxf6 13.Qd2 Bg7 14.g4 Be6 15.h4 c6
16.g5 h5 17.Bh3 Bxh3 18.Rxh3 Qa5 19.Kb1 Rad8 20.Rhh1 Qb4 21.Rhe1 Qc4 22.Qd3 Qe6
23.Ne2 a5 24.Nd4 Qe5 25.c3 Qf4 26.Rh1 d5 27.Ne2 Qc7 28.exd5 Rxd5 29.Qc2 Rxd1+
30.Qxd1 Qe5 31.Nd4 Qf4 32.Nc2 Kh7 33.Qd3 Re6 34.a3 Rd6 35.Qe4 Qxe4 36.fxe4 Rd2
37.Rh3 Re2 38.Ne3 b5 39.Kc1 Kg8 40.Nc2 Rxe4 41.Kd2 Be5 42.Ne1 Bf4+ 43.Kd1 Kg7
44.b4 a4 45.Nd3 Bd6 46.Nf2 Rc4 47.Ke2 Be5 48.Kd2 f6 49.gxf6+ Bxf6 50.Nd1 Bxh4  0-1

[Event "26th Pula Open"]
[Site "Pula CRO"]
[Date "2012.06.15"]
[Round "8.26"]
[White "Skelac,D"]
[Black "Andreasen,P"]
[Result "1/2-1/2"]
[WhiteElo "2156"]
[BlackElo "2277"]

1.e4 g6 2.d4 Bg7 3.Nc3 d6 4.f4 a6 5.Nf3 b5 6.Bd3 Nd7 7.Be3 Bb7 8.e5 Nh6 9.Qe2 c5
10.dxc5 Nxc5 11.Bxc5 dxc5 12.O-O-O  1/2-1/2

[Event "5th Karen Asrian Memorial"]
[Site "Jermuk ARM"]
[Date "2012.06.16"]
[Round "1.7"]
[White "Kotanjian,T"]
[Black "Bakunc,R"]
[Result "1-0"]
[WhiteElo "2522"]
[BlackElo "2227"]

1.d4 g6 2.e4 Bg7 3.Nc3 d6 4.Be3 a6 5.f4 b5 6.Nf3 Bb7 7.Bd3 b4 8.Na4 Nf6 9.e5 Nd5
10.Bd2 Nd7 11.c4 bxc3 12.bxc3 c5 13.O-O cxd4 14.cxd4 O-O 15.Rb1 Bc6 16.Qc2 Rc8
17.Bxa6 Bb7 18.Qd3 Bxa6 19.Qxa6 Ra8 20.Qc6 e6 21.Rb7 Qc8 22.Qxd7 Qxd7 23.Rxd7 Rxa4
24.exd6 Rxa2 25.Rb7 Rd8 26.Rc1 Ra6 27.Ne5 f5 28.d7 Rd6 29.Ba5 Bxe5 30.Bxd8 Bxd4+
31.Kf1 Bc3 32.Bg5  1-0

[Event "65th ch-RUS HL"]
[Site "Tyumen RUS"]
[Date "2012.06.16"]
[Round "1"]
[White "Shishigin,D"]
[Black "Demchenko,A"]
[Result "0-1"]
[WhiteElo "2231"]
[BlackElo "2575"]

1.e4 g6 2.d4 Bg7 3.Nc3 d6 4.Be3 a6 5.f3 b5 6.Qd2 Nd7 7.Nh3 Bb7 8.a3 c5 9.Be2 cxd4
10.Bxd4 Ngf6 11.O-O O-O 12.Rad1 Rc8 13.a4 b4 14.Na2 a5 15.c3 b3 16.Nc1 Bc6
17.Bc4 Bxa4 18.Bxb3 Bb5 19.Rfe1 Qc7 20.Nf2 Ne5 21.Nfd3 Nfd7 22.Nxe5 Nxe5
23.f4 Nc4 24.Bxc4 Bxc4 25.b3 e5 26.Be3 Be6 27.c4 Bg4 28.Ne2 a4 29.bxa4 Qxc4
30.a5 Qxe4 31.Ng3 Qa8 32.Rb1 exf4 33.Bxf4 Bc3 34.Qxd6 Rfd8 35.Qa3 Bxa5 36.Re3 Bd2
37.Ne4 Qxa3 38.Rxa3 Bxf4 39.Nf6+ Kg7 40.Nxg4 Rd2 41.Rf3 Bd6 42.Nf6 Be5 43.Ne4 Ra2
44.Ng5 Bf6 45.h4 Rcc2 46.Rb7 Rc1+  0-1

[Event "3rd Forni di Sopra Open"]
[Site "Forni di Sopra ITA"]
[Date "2012.06.17"]
[Round "2"]
[White "Brunello,M"]
[Black "Naroditsky,D"]
[Result "0-1"]
[WhiteElo "2267"]
[BlackElo "2479"]

1.e4 g6 2.d4 Bg7 3.Nc3 d6 4.Be3 a6 5.a4 Nf6 6.h3 O-O 7.Nf3 b6 8.Bc4 e6 9.Qd2 Nc6
10.Bg5 Bb7 11.O-O Qd7 12.Rfe1 Rfe8 13.Rad1 e5 14.d5 Nd4 15.Qd3 Nxf3+ 16.Qxf3 Nh5
17.a5 Rf8 18.Bd3 b5 19.Ne2 c5 20.dxc6 Bxc6 21.g4 f5 22.gxh5 fxe4 23.Qg4 Qxg4+
24.hxg4 exd3 25.Rxd3 d5 26.hxg6 hxg6 27.c3 Rae8 28.Rf1 b4 29.cxb4 d4 30.Rc1 Bf3
31.Rd2 Rc8 32.Re1 Rfe8 33.Kh2 Bf8 34.Kg3 Ba8 35.Rd3 Be4 36.Rdd1 Bc2 37.Rd2 Bxb4
38.Nc3 dxc3 39.Rxc2 cxb2 40.Rxc8 Rxc8 41.Rb1 Ba3 42.Kf3 Rc1  0-1

[Event "Teplice Open 2012"]
[Site "Teplice CZE"]
[Date "2012.06.18"]
[Round "3.17"]
[White "Schou Moldt,T"]
[Black "Janda,Z"]
[Result "1-0"]
[WhiteElo "2210"]
[BlackElo "2116"]

1.e4 g6 2.d4 Bg7 3.Nc3 d6 4.Be3 c6 5.a4 a5 6.Qd2 Na6 7.h3 Qc7 8.Nge2 Bd7
9.g3 Nb4 10.Bg2 f5 11.f3 Nf6 12.Nd1 O-O 13.c3 Na6 14.Nf2 e5 15.exf5 gxf5
16.Bh6 Be6 17.Qg5 Bc4 18.dxe5 dxe5 19.Bf1 Kh8 20.Bxg7+ Qxg7 21.Qxg7+ Kxg7
22.Nc1 Bd5 23.Bg2 Nh5 24.Ne2 Bc4 25.Bf1 Kh8 26.g4 Bxe2 27.Bxe2 Ng3 28.Rg1 f4
29.Bxa6 bxa6 30.Kd2 Rad8+ 31.Kc2 Rd5 32.Rad1 Re8 33.Rge1 Kg7 34.Rd3 Kf6 35.c4 Rdd8
36.Rxd8 Rxd8 37.Nd3 e4 38.fxe4 f3 39.Re3 Nxe4 40.Rxe4  1-0

[Event "Teplice Open 2012"]
[Site "Teplice CZE"]
[Date "2012.06.18"]
[Round "3.16"]
[White "Olsarova,K"]
[Black "Fier,A"]
[Result "0-1"]
[WhiteElo "2247"]
[BlackElo "2596"]

1.e4 g6 2.d4 Bg7 3.Nc3 d6 4.f4 Nf6 5.Nf3 c5 6.dxc5 Qa5 7.Bd3 Qxc5 8.Qe2 Nc6
9.Be3 Qa5 10.O-O Bg4 11.h3 Bxf3 12.Qxf3 O-O 13.Rae1 Nd7 14.Bd2 Qb6+ 15.Kh1 Qxb2
16.Rb1 Qa3 17.Rb3 Qa5 18.Rxb7 Nc5 19.Rb5 Qa3 20.Ne2 Qxa2 21.e5 Nxd3 22.Qxd3 dxe5
23.Bc3 Rad8 24.Qe4 Nd4 25.Rxe5 Bxe5 26.Qxe5 f6 27.Qxe7 Rde8  0-1

[Event "16th Voronezh Master Open"]
[Site "Voronezh RUS"]
[Date "2012.06.19"]
[Round "7.49"]
[White "Nevioselaya,M"]
[Black "Andrenko,I"]
[Result "1-0"]
[WhiteElo "2026"]
[BlackElo "2226"]

1.e4 g6 2.d4 Bg7 3.Nc3 d6 4.g3 Nf6 5.Bg2 O-O 6.Nge2 Na6 7.O-O c5 8.h3 cxd4
9.Nxd4 Bd7 10.Nd5 Nc5 11.Re1 Ne8 12.Bg5 f6 13.Be3 e6 14.Nc3 Rc8 15.Qd2 Qe7
16.Nb3 b6 17.Rad1 Na4 18.Nxa4 Bxa4 19.Bf4 e5 20.Be3 Bd7 21.Re2 Bb5 22.Qd5+ Kh8
23.Qxb5  1-0

[Event "16th Voronezh Master Open"]
[Site "Voronezh RUS"]
[Date "2012.06.21"]
[Round "9.45"]
[White "Khalukov,Y"]
[Black "Andrenko,I"]
[Result "1-0"]
[WhiteElo "2192"]
[BlackElo "2226"]

1.e4 g6 2.d4 Bg7 3.Nc3 d6 4.f4 a6 5.Nf3 b5 6.Bd3 Nd7 7.O-O c5 8.Be3 Bb7 9.dxc5 Nxc5
10.Bxc5 dxc5 11.e5 Qb6 12.Be4 Bxe4 13.Nxe4 Rd8 14.Qe2 Nh6 15.Qf2 Qc6 16.Rfe1 Rc8
17.Rad1 O-O 18.h3 c4 19.Nd4 Qb6 20.Rd2 f6 21.exf6 Bxf6 22.Nxf6+ exf6 23.Re6 Qa7
24.Rde2 Rc7 25.c3 Kg7 26.R6e3 Nf5 27.Ne6+ Kf7 28.Nxc7 Qxc7 29.Re6 Rd8 30.g4 Rd1+
31.Kh2 Qb7 32.R6e4 Nd6 33.Re7+ Qxe7 34.Rxe7+ Kxe7 35.Qe2+  1-0